00364nam a2200121Ia 450000500170000000800410001708200130005810000140007124500290008526000580011430000170017250000530018920250405143611.0240331s9999 xx 000 0 und d bSAMa894 aSameem, M 0aEnathu illakiyath thedal aColombobIlankai mootpoku kalai ilakkiyapperavic2006 aXv, 136 p ., aTamil Ilakkiya sinthanai marabum kailasababathum